000 00715cam a22002291i 4500
001 he 66000643
003 DLC
005 20260227111437.0
008 860821s1965 ag 000 0 yidr
010 _ahe 66000643
035 _a(OCoLC)19314280
040 _aDLC
_cMH
_dTxU
_dDLC
042 _apremarc
050 0 0 _aPJ5129.M7
_bL5
100 1 _aMolodowsky, Kadia,
_d1894-1975.
245 1 0 _aLikhṭ fun Dornboym :
_blider /
_c[fun] Kadya Molodovski.
260 _aBuenos Ayres :
_bḲiem,
_c[1965]
300 _a204 p. ;
_c23 cm.
500 _aAdded t.p.: Fulgores de la zarza ardiente; poemas. Lights of the thorn bush; poems.
740 0 _aFulgores de la zarza ardiente.
752 _aArgentina
_dBuenos Aires
999 _c31652
_d31652